| 000 | 00748nam a2200217 a 4500 | ||
|---|---|---|---|
| 005 | 20231005063643.0 | ||
| 008 | 991125s1980 mx 000 0 spa u | ||
| 035 | _aUPN01000005233 | ||
| 049 | _aCG | ||
| 050 | 4 |
_aLB1578.349 M5.82 _bM3.2 LE |
|
| 100 | 1 | _aMancha Hernández, Hilda Luz | |
| 245 | 1 | 0 |
_aAyuk tunpäjtn naky [II] : _b[mi cuaderno de trabajo en mixe] / _cHilda Luz Mancha H., Isaías Aldaz H. |
| 260 |
_a[Oaxaca] : _bUPN, _c[1980?]. |
||
| 300 |
_a71 h. : _bil. |
||
| 500 | _aEjemplar engrapado | ||
| 650 | 4 |
_aCartilla mixe _98126 |
|
| 650 | 4 |
_aIndígenas de México _zOaxaca _xLenguas _917368 |
|
| 650 | 4 |
_aMixe _xEstudio y enseñanza (Elemental) _925699 |
|
| 700 | 1 |
_aAldaz Hernández, Isaías, _d1944-2010 _ecoaut. _932326 |
|
| 905 | _aLibro | ||
| 999 |
_c5233 _d5233 |
||